Příručka uživatele osobního počítače

Bibliographic Details
Main Author: Novotný, Petr (Author)
Format: Book
Language:Czech
PhysicalDescription:63, [1] s. 8°
Published: Praha Výzkumný ústav lesního hospodářství [1988]
Series:Lesnický průvodce
Subjects:

MARC

LEADER 00000nam a2200000 a 4500
001 vtls001340078
003 SK-MaSNL
005 20260301175553.0
008 251113s1988 xr 0 cze
035 |a SNK000293162 
040 |a SNK  |b slo  |c SNK  |e AACR2 
041 0 |a cze 
044 |a CZ 
080 |a 681.32-181.4  |2 1981 
100 1 |a Novotný, Petr  |4 aut  |9 291608 
245 1 |a Příručka uživatele osobního počítače  |c Petr Novotný 
260 |a Praha  |b Výzkumný ústav lesního hospodářství  |c [1988] 
300 |a 63, [1] s.  |c 8° 
490 1 |a Lesnický průvodce  |v 5/1988 
650 0 7 |a počítače osobné  |x príručky  |2 SNK  |9 349647 
830 0 |a Lesnický průvodce  |9 549542 
958 |a RK 
958 |a OND 
999 |c 843545  |d 845475 
952 |t P60, <04>, [BOOK], {604}  |a SNK  |b SNK  |y VYP  |7 0  |o snkIC 114083  |i snkKIP 1399/90  |0 0  |1 0  |4 0  |d 1998-08-24  |l 0  |r 2005-01-02 00:00:00  |w 2026-02-24 
952 |t P60, <04>, [BOOK], {604}  |a SNK  |b SNK  |y VYP  |7 0  |o snkIC 114083 D1  |i snkKIP 1400/90  |0 0  |1 0  |4 0  |d 1998-08-24  |l 0  |r 2005-01-02 00:00:00  |w 2026-02-24